[Event "Basingstoke Spring Bank op U1825"]
[Site "Basingstoke"]
[Date "2018.05.28"]
[Round "6.15"]
[White "Ruffle, Alan P"]
[Black "Buanne, Luca"]
[Result "1-0"]
[WhiteElo "1474"]
[BlackElo "1422"]
[PlyCount "57"]
[EventDate "2018.05.25"]
[EventType "swiss"]
[EventRounds "7"]
[EventCountry "ENG"]
[SourceTitle "EXT 2023"]
[Source "ChessBase"]
[SourceDate "2022.10.05"]
[SourceVersion "1"]
[SourceVersionDate "2022.10.05"]
[SourceQuality "1"]

1. e4 e6 2. d4 d5 3. Be3 dxe4 4. f3 Nf6 5. Nd2 Nd5 6. Qe2 exf3 7. Ngxf3 Nxe3 8. Qxe3 Be7 9. Bd3 Nd7 10. 0-0-0 Nf6 11. Kb1 Nd5 12. Qf2 Bd7 13. Rhf1 0-0 14. c3 a5 15. h4 b5 16. Ne4 b4 17. c4 Nb6 18. Neg5 h6 19. Nh7 Re8 20. Ne5 f5 21. d5 Qc8 22. Nxd7 Nxd7 23. dxe6 Nc5 24. Bxf5 Qa6 25. Bg6 Qxe6 26. Bf7+ Kxh7 27. Bxe6 Nxe6 28. Qf5+ Kh8 29. Qxe6 1-0

[Event "Basingstoke Spring Bank op U1825"]
[Site "Basingstoke"]
[Date "2018.05.27"]
[Round "5.8"]
[White "Homer, Neil S"]
[Black "Ruffle, Alan P"]
[Result "1-0"]
[WhiteElo "1750"]
[BlackElo "1474"]
[PlyCount "61"]
[EventDate "2018.05.25"]
[EventType "swiss"]
[EventRounds "7"]
[EventCountry "ENG"]
[SourceTitle "EXT 2023"]
[Source "ChessBase"]
[SourceDate "2022.10.05"]
[SourceVersion "1"]
[SourceVersionDate "2022.10.05"]
[SourceQuality "1"]

1. Nf3 Nf6 2. c4 d5 3. d4 Bg4 4. Nc3 e6 5. h3 Bxf3 6. gxf3 Nc6 7. Bf4 Bb4 8. e3 Qd7 9. Qc2 dxc4 10. Bxc4 0-0-0 11. 0-0-0 Bd6 12. Bxd6 cxd6 13. a3 Kb8 14. Kb1 Rc8 15. Qe2 Rhd8 16. Bb5 Rc7 17. d5 Nxd5 18. Nxd5 exd5 19. Rxd5 Qe6 20. Rhd1 Ne7 21. R5d4 Qxh3 22. Rxd6 Qf5+ 23. e4 Qc5 24. Rxd8+ Nc8 25. Bd7 Qe7 26. Rxc8+ Rxc8 27. Bxc8 Kxc8 28. Qc4+ Kb8 29. Qd5 Kc8 30. Rc1+ Kb8 31. Qc5 1-0

[Event "Basingstoke Spring Bank op U1825"]
[Site "Basingstoke"]
[Date "2018.05.26"]
[Round "2.10"]
[White "Ruffle, Alan P"]
[Black "Willmoth, Harrison"]
[Result "1-0"]
[WhiteElo "1474"]
[BlackElo "1754"]
[PlyCount "57"]
[EventDate "2018.05.25"]
[EventType "swiss"]
[EventRounds "7"]
[EventCountry "ENG"]
[SourceTitle "EXT 2023"]
[Source "ChessBase"]
[SourceDate "2022.10.05"]
[SourceVersion "1"]
[SourceVersionDate "2022.10.05"]
[SourceQuality "1"]

1. e4 d6 2. d4 Nf6 3. Nc3 c6 4. f4 Qa5 5. Bd2 e5 6. Nf3 Be7 7. dxe5 dxe5 8. Nxe5 Nbd7 9. Nc4 Qc7 10. Bd3 b5 11. Ne3 Nc5 12. 0-0 b4 13. e5 bxc3 14. exf6 cxb2 15. fxg7 Rg8 16. Rb1 Nxd3 17. cxd3 Bf6 18. Qc2 Qb6 19. Kh1 Be6 20. Nc4 Qd8 21. Nxb2 Bd5 22. Rfe1+ Kd7 23. Nc4 Qc7 24. Ba5 Qc8 25. Ne3 Rxg7 26. Nxd5 cxd5 27. Qa4+ Qc6 28. Rb7+ Kc8 29. Qxc6# 1-0

[Event "Birmingham 4NCL op-B 3rd"]
[Site "Birmingham"]
[Date "2015.07.19"]
[Round "4"]
[White "Davies, Matthew"]
[Black "Ruffle, Alan P"]
[Result "1-0"]
[WhiteElo "1961"]
[BlackElo "1487"]
[PlyCount "90"]
[EventDate "2015.07.17"]
[EventType "swiss"]
[EventRounds "5"]
[EventCountry "ENG"]
[SourceTitle "CBM 167 Extra"]
[Source "ChessBase"]
[SourceDate "2015.09.14"]
[SourceVersion "1"]
[SourceVersionDate "2015.09.14"]
[SourceQuality "1"]

1. d4 d6 2. Nf3 Nd7 3. c4 Ngf6 4. Nc3 e5 5. e4 Be7 6. Be2 c6 7. 0-0 h6 8. d5 Qc7 9. Ne1 g5 10. Be3 Rg8 11. b4 Nf8 12. Rc1 Ng6 13. c5 Nf4 14. cxd6 Qxd6 15. Bc5 Qd7 16. Bxe7 Qxe7 17. dxc6 bxc6 18. b5 Qa3 19. Bc4 Bg4 20. Qc2 Rb8 21. Nd3 Qxc3 22. Qxc3 Ne2+ 23. Kh1 Nxc3 24. Rxc3 Nxe4 25. Rc2 cxb5 26. Nxe5 bxc4 27. Nxg4 f5 28. Re1 fxg4 29. Rxc4 Kf7 30. Rcxe4 Rge8 31. g3 Rxe4 32. Rxe4 a5 33. Rxg4 Rb4 34. Rxb4 axb4 35. Kg2 Kf6 36. f4 gxf4 37. gxf4 Kg6 38. Kf3 Kf6 39. Ke4 h5 40. f5 Kf7 41. h4 Ke7 42. Ke5 Kf7 43. f6 Kf8 44. Kf5 Kg8 45. Kg6 Kf8 1-0

[Event "Birmingham 4NCL op-B 1st"]
[Site "Birmingham"]
[Date "2015.02.01"]
[Round "4"]
[White "Verma, Aditya"]
[Black "Ruffle, Alan P"]
[Result "1-0"]
[WhiteElo "1701"]
[BlackElo "1502"]
[PlyCount "61"]
[EventDate "2015.01.30"]
[EventType "swiss"]
[EventRounds "5"]
[EventCountry "ENG"]
[SourceTitle "EXT 2023"]
[Source "ChessBase"]
[SourceDate "2022.10.05"]
[SourceVersion "1"]
[SourceVersionDate "2022.10.05"]
[SourceQuality "1"]

1. e4 d6 2. d4 Nd7 3. c4 e5 4. Nf3 Ngf6 5. Nc3 Be7 6. g3 c6 7. Bg2 Qc7 8. 0-0 0-0 9. h3 exd4 10. Nxd4 Ne5 11. b3 Bd7 12. f4 Ng6 13. Be3 Rfe8 14. Qd3 h5 15. Rad1 Qc8 16. Kh2 h4 17. g4 Bxg4 18. hxg4 Qxg4 19. Nf5 Qh5 20. Bf3 Qh7 21. Rg1 Nh5 22. Bxh5 Qxh5 23. Qe2 Qxe2+ 24. Nxe2 d5 25. cxd5 cxd5 26. Rxd5 Bd8 27. e5 Kh8 28. Bc5 Be7 29. Nxe7 Nxe7 30. Rd7 Rac8 31. Bxe7 1-0

[Event "Coventry e2e4 U1950 op"]
[Site "Coventry"]
[Date "2013.08.25"]
[Round "5"]
[White "Sandercock, E Barry"]
[Black "Ruffle, Alan P"]
[Result "1/2-1/2"]
[WhiteElo "1738"]
[BlackElo "1704"]
[PlyCount "115"]
[EventDate "2013.08.23"]
[EventType "swiss"]
[EventRounds "7"]
[EventCountry "ENG"]
[SourceTitle "EXT 2015"]
[Source "ChessBase"]
[SourceDate "2014.11.20"]
[SourceVersion "1"]
[SourceVersionDate "2014.11.20"]
[SourceQuality "1"]

1. Nf3 Nf6 2. d4 e6 3. e3 c5 4. Bd3 Nc6 5. 0-0 Be7 6. Nbd2 d5 7. b3 Bd7 8. a3 0-0 9. Bb2 Qc7 10. Ne5 b5 11. Nxd7 Nxd7 12. dxc5 Nxc5 13. Bxb5 f5 14. b4 Ne4 15. Nxe4 dxe4 16. Bxc6 Qxc6 17. Qe2 Rac8 18. Rac1 Qc7 19. f4 exf3 20. gxf3 Bf6 21. c3 g5 22. Kh1 Qe5 23. e4 Qf4 24. Rg1 Rcd8 25. Rc2 Rd7 26. Bc1 Qh4 27. e5 Bd8 28. c4 h6 29. c5 Bc7 30. Qc4 Qxc4 31. Rxc4 Bxe5 32. c6 Rd4 33. Rxd4 Bxd4 34. Rd1 Bb6 35. Rd7 Rc8 36. b5 a6 37. a4 axb5 38. axb5 Kf8 39. Ba3+ Ke8 40. Rg7 Rc7 41. Rxc7 Bxc7 42. Bc5 Kd8 43. Kg2 Bf4 44. h3 h5 45. b6 Kc8 46. Kf2 g4 47. hxg4 fxg4 48. fxg4 hxg4 49. Be3 Bxe3+ 50. Kxe3 e5 51. Kf2 e4 52. c7 Kb7 53. Ke3 g3 54. Ke2 Kc8 55. Ke3 Kb7 56. Ke2 Kc8 57. Ke3 Kb7 58. Ke2 1/2-1/2

[Event "High Wycombe e2e4 op 10"]
[Site "High Wycombe"]
[Date "2012.10.14"]
[Round "5"]
[White "Watson, Darrell"]
[Black "Ruffle, Alan P"]
[Result "1-0"]
[WhiteElo "1763"]
[BlackElo "1846"]
[PlyCount "53"]
[EventDate "2012.10.12"]
[EventType "swiss"]
[EventRounds "5"]
[EventCountry "ENG"]
[SourceTitle "EXT 2013"]
[Source "ChessBase"]
[SourceDate "2012.11.22"]
[SourceVersion "1"]
[SourceVersionDate "2012.11.22"]
[SourceQuality "1"]

1. d4 d6 2. c4 Nf6 3. Nf3 Nbd7 4. g3 c6 5. Bg2 Qc7 6. 0-0 e5 7. Nc3 Be7 8. b3 h6 9. Bb2 e4 10. Nh4 Nb6 11. Nxe4 Nxe4 12. Bxe4 Bxh4 13. gxh4 d5 14. Bg2 Be6 15. c5 Nd7 16. Bc3 g5 17. h5 Nf6 18. e4 dxe4 19. d5 Nxd5 20. Bxh8 0-0-0 21. Qd4 Nf4 22. Qe5 Qd7 23. Bf6 Bh3 24. Bxh3 Qxh3 25. Qxe4 Qh4 26. Rae1 Rd1 27. Qe8+ 1-0

[Event "High Wycombe e2e4 op 10"]
[Site "High Wycombe"]
[Date "2012.10.13"]
[Round "3"]
[White "Stone, Mark R"]
[Black "Ruffle, Alan P"]
[Result "1/2-1/2"]
[WhiteElo "1602"]
[BlackElo "1846"]
[PlyCount "132"]
[EventDate "2012.10.12"]
[EventType "swiss"]
[EventRounds "5"]
[EventCountry "ENG"]
[SourceTitle "EXT 2013"]
[Source "ChessBase"]
[SourceDate "2012.11.22"]
[SourceVersion "1"]
[SourceVersionDate "2012.11.22"]
[SourceQuality "1"]

1. e4 d6 2. d4 Nf6 3. Nc3 Nbd7 4. Nf3 c6 5. Be2 Qc7 6. 0-0 h6 7. h3 e5 8. Be3 Be7 9. Qd2 Nf8 10. a3 g5 11. g4 Ng6 12. Rfe1 Nf4 13. Bxf4 gxf4 14. dxe5 dxe5 15. Bc4 Bd7 16. b4 0-0-0 17. Qe2 Rh7 18. Kg2 Rg8 19. Nh2 h5 20. f3 hxg4 21. Nxg4 Nh5 22. Qf2 Kb8 23. Ne2 Qd8 24. Rh1 Bh4 25. Qc5 Qe7 26. Qxe7 Bxe7 27. Rad1 Bc8 28. Bb3 Rhg7 29. Rdg1 Bd8 30. Kh2 Bb6 31. Rd1 Nf6 32. Kg2 Ne8 33. c4 Be6 34. Nc1 Nf6 35. c5 Bxb3 36. Nxb3 Bc7 37. Kf2 Nh5 38. Nc1 b6 39. Ne2 Kb7 40. Rd7 Kc8 41. Rhd1 a5 42. bxa5 bxa5 43. a4 Rd8 44. Rxd8+ Bxd8 45. Nxe5 Be7 46. Nd3 Bh4+ 47. Kf1 Ng3+ 48. Nxg3 Rxg3 49. Ke2 Rg2+ 50. Kf1 Ra2 51. Nxf4 Rxa4 52. Nd3 Be7 53. Rc1 Rd4 54. Ke2 a4 55. Ra1 Kb7 56. Kd2 Bxc5 57. Kc3 Kb6 58. Nxc5 Kxc5 59. h4 Rc4+ 60. Kd2 f5 61. h5 fxe4 62. fxe4 Rxe4 63. Rh1 a3 64. Kc2 a2 65. Kb2 Re2+ 66. Ka1 Re8 1/2-1/2